[Event "3. Campeonato de la Unión Europea"]
[Site "Arvier ITA"]
[Date "2007.06.18"]
[Round "4.3"]
[White "D'Amore, Carlo"]
[Black "Rombaldoni, Denis"]
[Result "1-0"]
[WhiteElo "2476"]
[BlackElo "2368"]
[PlyCount "55"]
[EventDate "2007.06.15"]
[EventType "swiss"]
[EventRounds "10"]
[EventCountry "ITA"]
[Source "lmi"]
[SourceDate "2007.06.15"]

1. e4 c6 2. d4 d5 3. e5 Bf5 4. c4 e6 5. Nc3 Nd7 6. a3 dxc4 7. Bxc4 Nb6 8. Bb3
Ne7 9. Nge2 Qd7 10. O-O O-O-O 11. a4 h5 12. a5 Nbd5 13. Na4 Ng6 14. Bg5 f6 15.
Bxd5 Qxd5 16. Nac3 Qd7 17. exf6 gxf6 18. Bxf6 Bd6 19. a6 b6 20. Ng3 Bg4 21. Qc2
Rhg8 22. Bxd8 Kxd8 23. Nce4 Bf5 24. Nxf5 exf5 25. Nf6 Nh4 26. Nxg8 Nf3+ 27.
gxf3 Bf4 28. Kh1 1-0

[Event "3. Campeonato de la Unión Europea"]
[Site "Arvier ITA"]
[Date "2007.06.18"]
[Round "4.4"]
[White "Okhotnik, Vladimir"]
[Black "Luther, Thomas"]
[Result "1/2-1/2"]
[WhiteElo "2484"]
[BlackElo "2586"]
[PlyCount "21"]
[EventDate "2007.06.15"]
[EventType "swiss"]
[EventRounds "10"]
[EventCountry "ITA"]
[Source "lmi"]
[SourceDate "2007.06.15"]

1. e4 e6 2. d4 d5 3. exd5 exd5 4. Bd3 Bd6 5. Qf3 Nc6 6. c3 Nf6 7. Bg5 Bg4 8.
Qxg4 Nxg4 9. Bxd8 Rxd8 10. Nf3 O-O 11. O-O 1/2-1/2

[Event "3. Campeonato de la Unión Europea"]
[Site "Arvier ITA"]
[Date "2007.06.18"]
[Round "4.5"]
[White "Vocaturo, Daniele"]
[Black "Agrest, Evgenij"]
[Result "0-1"]
[WhiteElo "2450"]
[BlackElo "2561"]
[PlyCount "74"]
[EventDate "2007.06.15"]
[EventType "swiss"]
[EventRounds "10"]
[EventCountry "ITA"]
[Source "lmi"]
[SourceDate "2007.06.15"]

1. e4 c5 2. a3 e6 3. b4 b6 4. Nc3 Nc6 5. bxc5 bxc5 6. g3 Rb8 7. Bg2 Nge7 8. f4
d6 9. Nge2 g6 10. O-O Bg7 11. Kh1 Nd4 12. Nxd4 cxd4 13. Ne2 f5 14. exf5 Nxf5
15. c3 O-O 16. Nxd4 Nxd4 17. cxd4 Qb6 18. d3 Qxd4 19. Ra2 Bb7 20. Re1 Bxg2+ 21.
Rxg2 Qd5 22. Qe2 Rfc8 23. h4 Rb1 24. Bd2 Rb2 25. Qxe6+ Qxe6 26. Rxe6 Rcc2 27.
Ree2 Ra2 28. Re8+ Kf7 29. Ra8 Bd4 30. Bc3 Rc1+ 31. Kh2 Rxg2+ 32. Kxg2 Rxc3 33.
Kf3 d5 34. Rd8 Rxd3+ 35. Ke2 Re3+ 36. Kd2 Rxg3 37. Rxd5 Be3+ 0-1

[Event "3. Campeonato de la Unión Europea"]
[Site "Arvier ITA"]
[Date "2007.06.18"]
[Round "4.6"]
[White "Godena, Michele"]
[Black "Calzetta, Monica"]
[Result "1-0"]
[WhiteElo "2558"]
[BlackElo "2340"]
[PlyCount "88"]
[EventDate "2007.06.15"]
[EventType "swiss"]
[EventRounds "10"]
[EventCountry "ITA"]
[Source "lmi"]
[SourceDate "2007.06.15"]

1. e4 d5 2. exd5 Qxd5 3. Nf3 Nf6 4. Be2 Bg4 5. h3 Bh5 6. d4 e6 7. c4 Qd8 8. Nc3
c6 9. O-O Be7 10. Be3 O-O 11. Rc1 Qc7 12. d5 Rd8 13. Nd4 Bxe2 14. Qxe2 exd5 15.
Bg5 h6 16. Bh4 g5 17. Bg3 Qd7 18. Rfe1 Kf8 19. Nf5 Ng8 20. Nxe7 Qxe7 21. Qd3
dxc4 22. Qxc4 b5 23. Qg4 Qb7 24. Ne4 Nd7 25. Nd6 Qa6 26. Qh5 Qxa2 27. Rc4 Qxc4
28. Nxc4 bxc4 29. Qg4 Nb6 30. h4 Rd5 31. hxg5 hxg5 32. Be5 f6 33. Bc3 Re8 34.
Rxe8+ Kxe8 35. Qe6+ Ne7 36. Bxf6 Nbc8 37. Qe3 g4 38. g3 Kd7 39. Qe4 Nf5 40.
Qxc4 Ncd6 41. Qxg4 a5 42. Qg8 Ne4 43. Qf7+ Kd6 44. g4 Rd1+ 1-0

[Event "3. Campeonato de la Unión Europea"]
[Site "Arvier ITA"]
[Date "2007.06.18"]
[Round "4.7"]
[White "Cocchi, Andrea"]
[Black "Sulava, Nenad"]
[Result "1/2-1/2"]
[WhiteElo "2321"]
[BlackElo "2549"]
[PlyCount "101"]
[EventDate "2007.06.15"]
[EventType "swiss"]
[EventRounds "10"]
[EventCountry "ITA"]
[Source "lmi"]
[SourceDate "2007.06.15"]

1. Nf3 d5 2. d4 Nf6 3. Bf4 c5 4. dxc5 e6 5. e3 Bxc5 6. Nbd2 O-O 7. Be2 Nc6 8.
h3 Re8 9. Ne5 Bd6 10. Nxc6 bxc6 11. Bxd6 Qxd6 12. O-O e5 13. c4 Bf5 14. cxd5
cxd5 15. Nf3 a5 16. Qa4 Reb8 17. Qa3 Qxa3 18. bxa3 Rb2 19. Rfe1 Re8 20. a4 Ne4
21. Bb5 Re7 22. Rab1 Rxb1 23. Rxb1 g6 24. Bc6 Nc3 25. Rb3 d4 26. exd4 Ne2+ 27.
Kh2 e4 28. Re3 Nc1 29. Nd2 Nxa2 30. Nxe4 Bxe4 31. Bxe4 Nb4 32. Kg3 Rd7 33. d5
Nxd5 34. Rd3 Nf6 35. Rxd7 Nxd7 36. Kf4 Kf8 37. Bc6 Nb6 38. g4 f6 39. h4 Ke7 40.
g5 Kd6 41. Be8 f5 42. h5 Nd5+ 43. Kg3 gxh5 44. Bxh5 Nc3 45. Bf7 Nxa4 46. Kf4
Nc3 47. Kxf5 a4 48. f4 a3 49. Bb3 Ke7 50. g6 hxg6+ 51. Kxg6 1/2-1/2

[Event "3. Campeonato de la Unión Europea"]
[Site "Arvier ITA"]
[Date "2007.06.18"]
[Round "4.9"]
[White "Foisor, Cristina Adela"]
[Black "Caruana, Fabiano"]
[Result "1/2-1/2"]
[WhiteElo "2384"]
[BlackElo "2513"]
[PlyCount "76"]
[EventDate "2007.06.15"]
[EventType "swiss"]
[EventRounds "10"]
[EventCountry "ITA"]
[Source "lmi"]
[SourceDate "2007.06.15"]

1. Nf3 Nf6 2. c4 Nc6 3. g3 e5 4. Bg2 Bc5 5. O-O d6 6. d3 h6 7. Nc3 O-O 8. Na4
Bb6 9. b3 Re8 10. Bb2 Bd7 11. Nxb6 axb6 12. h3 Nh7 13. Qd2 f5 14. e3 Ng5 15.
Nxg5 Qxg5 16. Kh2 e4 17. Rfd1 Kh8 18. d4 Ne7 19. d5 Ng6 20. a4 Ne5 21. Bxe5
Rxe5 22. a5 bxa5 23. Rxa5 Ree8 24. Rda1 Rab8 25. Qd4 Qe7 26. b4 Kh7 27. Ra7
Red8 28. R1a2 Be8 29. b5 Bf7 30. Bf1 Bh5 31. Bg2 Rdc8 32. Qa1 Qf8 33. Qd4 Kh8
34. Rd2 Qe7 35. Rda2 Kg8 36. Qa1 Qf8 37. Qd4 Bg6 38. Bf1 Bh5 1/2-1/2

[Event "3. Campeonato de la Unión Europea"]
[Site "Arvier ITA"]
[Date "2007.06.18"]
[Round "4.10"]
[White "Cebalo, Miso"]
[Black "Castaldo, Folco"]
[Result "1/2-1/2"]
[WhiteElo "2491"]
[BlackElo "2330"]
[PlyCount "96"]
[EventDate "2007.06.15"]
[EventType "swiss"]
[EventRounds "10"]
[EventCountry "ITA"]
[Source "lmi"]
[SourceDate "2007.06.15"]

1. d4 e6 2. c4 f5 3. g3 Nf6 4. Bg2 Be7 5. Nf3 O-O 6. O-O Ne4 7. Nbd2 Bf6 8. b3
Nc6 9. Bb2 d6 10. Ne1 d5 11. e3 b6 12. Nxe4 fxe4 13. f3 exf3 14. Bxf3 Bb7 15.
Nd3 dxc4 16. bxc4 Na5 17. Bxb7 Nxb7 18. Qg4 Qe7 19. e4 e5 20. d5 Nd6 21. Ba3
Rac8 22. h4 Kh8 23. Rac1 Rce8 24. Bb2 Kg8 25. a4 h5 26. Qe2 Qd7 27. c5 bxc5 28.
Nxc5 Qh3 29. Qg2 Qg4 30. Kh2 Rb8 31. Bc3 Nc4 32. Qf3 Qxf3 33. Rxf3 Be7 34.
Rxf8+ Rxf8 35. Nd7 Rf2+ 36. Kh1 Bd6 37. Bb4 Ne3 38. Bxd6 cxd6 39. Rc8+ Kh7 40.
Nf8+ Kg8 41. Ne6+ Kh7 42. Ng5+ Kh6 43. Rh8+ Kg6 44. Re8 Rf1+ 45. Kh2 Rf2+ 46.
Kg1 Rf1+ 47. Kh2 Rf2+ 48. Kg1 Rf1+ 1/2-1/2

[Event "3. Campeonato de la Unión Europea"]
[Site "Arvier ITA"]
[Date "2007.06.18"]
[Round "4.11"]
[White "Prie, Eric"]
[Black "Friedrich, Norbert"]
[Result "1-0"]
[WhiteElo "2513"]
[BlackElo "2317"]
[PlyCount "84"]
[EventDate "2007.06.15"]
[EventType "swiss"]
[EventRounds "10"]
[EventCountry "ITA"]
[Source "lmi"]
[SourceDate "2007.06.15"]

1. d4 d5 2. Nf3 Nf6 3. a3 c6 4. Bf4 Bf5 5. e3 e6 6. c4 Bd6 7. Bxd6 Qxd6 8. Qb3
Qc7 9. Nbd2 Nbd7 10. Rc1 O-O 11. Bd3 Bxd3 12. Qxd3 Rfe8 13. cxd5 exd5 14. Qf5
a5 15. O-O a4 16. Rc3 Qd6 17. Rb1 h6 18. Qc2 Ra7 19. Nh4 Re6 20. Nf5 Qf8 21. h3
g6 22. Ng3 Re8 23. Ne2 Qe7 24. Nf4 Nb6 25. Nd3 Rea8 26. Nc5 Nc8 27. Re1 Nd6 28.
Qd1 Nfe4 29. Ncxe4 Nxe4 30. Nxe4 dxe4 31. Qc2 Ra5 32. Rc4 Rb5 33. Re2 Ra6 34.
Rxa4 Rxb2 35. Rxa6 Rxc2 36. Ra8+ Kg7 37. Rxc2 Qe6 38. Rb2 b5 39. Rc2 h5 40. Ra6
Qb3 41. Rcxc6 Qd1+ 42. Kh2 Qe2 1-0

[Event "3. Campeonato de la Unión Europea"]
[Site "Arvier ITA"]
[Date "2007.06.18"]
[Round "4.12"]
[White "Sulskis, Sarunas"]
[Black "Pace, Colin"]
[Result "1-0"]
[WhiteElo "2533"]
[BlackElo "2146"]
[PlyCount "71"]
[EventDate "2007.06.15"]
[EventType "swiss"]
[EventRounds "10"]
[EventCountry "ITA"]
[Source "lmi"]
[SourceDate "2007.06.15"]

1. e4 c5 2. Nf3 g6 3. d4 Bg7 4. d5 Nf6 5. Nc3 d6 6. Bb5+ Nbd7 7. a4 O-O 8. O-O
a6 9. Be2 Rb8 10. Nd2 Ne8 11. Nc4 b6 12. f4 Bb7 13. Bf3 Nc7 14. Re1 b5 15. axb5
axb5 16. Na5 b4 17. Nb1 Nb5 18. Qd3 Ba8 19. Nc6 Bxc6 20. dxc6 Nf6 21. e5 Ne8
22. Be3 Qc7 23. Nd2 dxe5 24. Bxc5 Ned6 25. fxe5 Nf5 26. Qd7 Bxe5 27. Qxc7 Bxc7
28. Nb3 Bd6 29. Ra4 Bxc5+ 30. Nxc5 Ra8 31. Rxb4 Nbd4 32. Be4 Rfc8 33. c7 Rxc7
34. Bxa8 Nxc2 35. Rb8+ Kg7 36. Re5 1-0

[Event "3. Campeonato de la Unión Europea"]
[Site "Arvier ITA"]
[Date "2007.06.18"]
[Round "4.14"]
[White "Foisor, Sabina Francesca"]
[Black "Diotallevi, Maurizio"]
[Result "1-0"]
[WhiteElo "2333"]
[BlackElo "2137"]
[PlyCount "71"]
[EventDate "2007.06.15"]
[EventType "swiss"]
[EventRounds "10"]
[EventCountry "ITA"]
[Source "lmi"]
[SourceDate "2007.06.15"]

1. d4 d5 2. c4 e6 3. Nc3 Nf6 4. cxd5 exd5 5. Bg5 Be7 6. Qc2 c6 7. e3 Nbd7 8.
Bd3 Nh5 9. Bxe7 Qxe7 10. O-O-O g6 11. g4 Ng7 12. Nf3 Nf8 13. h3 Be6 14. Kb1
O-O-O 15. Rc1 Kb8 16. Na4 Nd7 17. Qb3 Ka8 18. Qc3 h5 19. Rhg1 hxg4 20. hxg4 Rc8
21. Nc5 Ne8 22. Ne5 Nxc5 23. dxc5 Rh2 24. f4 Nf6 25. f5 gxf5 26. gxf5 Bd7 27.
Rg7 Be8 28. Qd4 Nd7 29. Ng4 Rh4 30. f6 Qd8 31. Bf5 Rc7 32. Rg8 Qb8 33. e4 b6
34. cxb6 Nxb6 35. Qe5 Nc4 36. Rxc4 1-0

[Event "3. Campeonato de la Unión Europea"]
[Site "Arvier ITA"]
[Date "2007.06.18"]
[Round "4.15"]
[White "Vezzosi, Paolo"]
[Black "Brauer, Christian"]
[Result "1-0"]
[WhiteElo "2287"]
[BlackElo "2132"]
[PlyCount "121"]
[EventDate "2007.06.15"]
[EventType "swiss"]
[EventRounds "10"]
[EventCountry "ITA"]
[Source "lmi"]
[SourceDate "2007.06.15"]

1. d4 d5 2. Bf4 Nf6 3. e3 Bf5 4. Bd3 Bxd3 5. cxd3 c6 6. Nc3 e6 7. Nf3 Nbd7 8.
O-O Be7 9. Rb1 a5 10. Ne5 O-O 11. h3 Re8 12. g4 Nxe5 13. dxe5 Nd7 14. d4 b5 15.
Bg3 Qb6 16. f4 b4 17. Ne2 c5 18. f5 cxd4 19. exd4 Rac8 20. fxe6 fxe6 21. Qd3
Rc6 22. Rbc1 a4 23. Rxc6 Qxc6 24. Rc1 Qb6 25. Bf4 Qb7 26. Qc2 b3 27. axb3 axb3
28. Qc6 Qxc6 29. Rxc6 Kf7 30. Rc3 Rb8 31. Nc1 Ba3 32. Nd3 Be7 33. Kf2 Rb5 34.
Rc7 Ke8 35. Rc8+ Kf7 36. Ke2 Rb7 37. Rc3 h6 38. Bd2 Rb5 39. Rc7 Ke8 40. Rc8+
Kf7 41. Kd1 Rb7 42. Rc3 Bd8 43. Nc1 Bb6 44. Nxb3 Ra7 45. Rc8 Nf8 46. Bb4 Nd7
47. Kc2 Rc7+ 48. Rxc7 Bxc7 49. Nc5 Nf8 50. Na6 Bd8 51. Bxf8 Kxf8 52. b4 g6 53.
Nc5 Kf7 54. Kb3 Bg5 55. b5 Bd8 56. Na4 Ke7 57. b6 h5 58. Kb4 hxg4 59. hxg4 Kd7
60. Kb5 Kc8 61. Kc6 1-0

[Event "3. Campeonato de la Unión Europea"]
[Site "Arvier ITA"]
[Date "2007.06.18"]
[Round "4.16"]
[White "Tocchioni, Doriano"]
[Black "Sorcinelli, Francesco"]
[Result "0-1"]
[WhiteElo "2247"]
[BlackElo "2131"]
[PlyCount "64"]
[EventDate "2007.06.15"]
[EventType "swiss"]
[EventRounds "10"]
[EventCountry "ITA"]
[Source "lmi"]
[SourceDate "2007.06.15"]

1. d4 Nf6 2. Nf3 g6 3. g3 Bg7 4. Bg2 O-O 5. O-O d6 6. c4 c5 7. Nc3 Nc6 8. h3
cxd4 9. Nxd4 Nxd4 10. Qxd4 Be6 11. Qh4 Rc8 12. Nd5 Bxd5 13. cxd5 Rc2 14. Qa4
Qc7 15. Qxa7 Rxe2 16. Be3 Rxb2 17. Rfc1 Qb8 18. Qa3 Nd7 19. Rab1 Rxb1 20. Rxb1
Rc8 21. Qa4 Rc7 22. Qb5 Ne5 23. Bf1 Nf3+ 24. Kg2 Nd4 25. Qa4 Nf5 26. Bb6 Rc3
27. Rb5 Qe8 28. Qa7 Qc8 29. a4 Be5 30. Ba5 Nh4+ 31. Kg1 Rc1 32. Rb4 Qxh3 0-1

[Event "3. Campeonato de la Unión Europea"]
[Site "Arvier ITA"]
[Date "2007.06.18"]
[Round "4.17"]
[White "Daulyte, Deimante"]
[Black "Raineri, Valerio"]
[Result "1-0"]
[WhiteElo "2224"]
[BlackElo "2123"]
[PlyCount "105"]
[EventDate "2007.06.15"]
[EventType "swiss"]
[EventRounds "10"]
[EventCountry "ITA"]
[Source "lmi"]
[SourceDate "2007.06.15"]

1. e4 e5 2. Nf3 Nc6 3. Bb5 a6 4. Ba4 Nge7 5. O-O d6 6. c3 Bd7 7. d4 Ng6 8. Be3
Be7 9. d5 Nb8 10. c4 O-O 11. Bxd7 Nxd7 12. Nc3 f5 13. exf5 Rxf5 14. Ne4 Ndf8
15. Rc1 Nf4 16. g3 Nh3+ 17. Kg2 Qd7 18. c5 Ng6 19. Ng1 Ng5 20. Nxg5 Bxg5 21.
Qb3 Bxe3 22. fxe3 Rxf1 23. Rxf1 Qb5 24. cxd6 cxd6 25. Rc1 Qd7 26. e4 Qg4 27.
Qc2 Rf8 28. Kh1 h5 29. Qe2 Qg5 30. Rc7 Rf7 31. Nh3 Qg4 32. Qxg4 hxg4 33. Rxf7
Kxf7 34. Nf2 Nf8 35. Nxg4 Nd7 36. b4 Nb6 37. Ne3 g6 38. Kg2 Nd7 39. a4 a5 40.
bxa5 Nc5 41. Kf3 Nxa4 42. Nc4 Ke7 43. h4 Nc5 44. g4 Nd7 45. h5 gxh5 46. gxh5
Nf6 47. h6 Kd7 48. Ne3 Kc7 49. Nf5 Kd7 50. Ng3 Kc7 51. Nh5 Nh7 52. Kg4 Kb8 53.
Kf5 1-0

[Event "3. Campeonato de la Unión Europea"]
[Site "Arvier ITA"]
[Date "2007.06.18"]
[Round "4.18"]
[White "Dubois, Martine"]
[Black "Rombaldoni, Axel"]
[Result "0-1"]
[WhiteElo "2092"]
[BlackElo "2221"]
[PlyCount "60"]
[EventDate "2007.06.15"]
[EventType "swiss"]
[EventRounds "10"]
[EventCountry "ITA"]
[Source "lmi"]
[SourceDate "2007.06.15"]

1. e4 c5 2. c3 Nf6 3. e5 Nd5 4. d4 cxd4 5. Nf3 Nc6 6. cxd4 d6 7. Bc4 Nb6 8. Bb3
d5 9. Nh4 g6 10. O-O Bg7 11. Nc3 O-O 12. f4 f6 13. Kh1 fxe5 14. dxe5 e6 15. Nf3
Bd7 16. Bc2 Rc8 17. Ng5 Bh6 18. h4 Bxg5 19. hxg5 Ne7 20. g4 Rf7 21. Rf2 Nc4 22.
Qe1 Qc7 23. Ne2 Nxe5 24. Nd4 Nxg4 25. Re2 Rcf8 26. Rxe6 Bxe6 27. Qxe6 Qc8 28.
Qe2 Re8 29. Qg2 Nc6 30. Nb5 Re1+ 0-1

[Event "3. Campeonato de la Unión Europea"]
[Site "Arvier ITA"]
[Date "2007.06.18"]
[Round "4.19"]
[White "Pantaleoni, Claudio"]
[Black "Brigati, Alessandro"]
[Result "1/2-1/2"]
[WhiteElo "2219"]
[BlackElo "2093"]
[PlyCount "71"]
[EventDate "2007.06.15"]
[EventType "swiss"]
[EventRounds "10"]
[EventCountry "ITA"]
[Source "lmi"]
[SourceDate "2007.06.15"]

1. d4 Nf6 2. c4 g6 3. Nc3 Bg7 4. e4 d6 5. Be2 O-O 6. Bg5 h6 7. Be3 e5 8. d5 Na6
9. Qd2 Kh7 10. f3 Nh5 11. Bd3 f5 12. exf5 Bxf5 13. Bxf5 gxf5 14. Nge2 Qh4+ 15.
g3 Qxc4 16. Rc1 Nb4 17. O-O Qd3 18. Rfd1 Qxd2 19. Rxd2 Nf6 20. a3 Na6 21. Nb5
Rf7 22. Nxa7 e4 23. Nb5 exf3 24. Nf4 Ng4 25. Bd4 Bxd4+ 26. Nxd4 f2+ 27. Kg2 Nc5
28. Re2 Ne4 29. h3 Ngf6 30. Nxf5 Rg8 31. Ne6 Nxd5 32. Rxe4 Rxf5 33. Rf1 Rg6 34.
Rxf2 Rxf2+ 35. Kxf2 Rf6+ 36. Ke2 1/2-1/2

[Event "3. Campeonato de la Unión Europea"]
[Site "Arvier ITA"]
[Date "2007.06.18"]
[Round "4.20"]
[White "Bashkite, Viktoria"]
[Black "Bonugli, Carlo"]
[Result "1-0"]
[WhiteElo "2202"]
[BlackElo "2091"]
[PlyCount "58"]
[EventDate "2007.06.15"]
[EventType "swiss"]
[EventRounds "10"]
[EventCountry "ITA"]
[Source "lmi"]
[SourceDate "2007.06.15"]

1. c4 e5 2. Nc3 Nc6 3. g3 g6 4. Bg2 Bg7 5. Rb1 a5 6. e3 d6 7. Nge2 Nge7 8. d3
O-O 9. a3 Be6 10. Nd5 Qd7 11. Nec3 Nc8 12. Qb3 Nd8 13. Nb5 Bxd5 14. cxd5 c6 15.
Nc3 Rb8 16. a4 cxd5 17. Qxd5 Qc6 18. O-O Qxd5 19. Bxd5 Ne7 20. Bc4 Ndc6 21. b3
Rfd8 22. e4 Bf8 23. f4 Kg7 24. Rb2 Rd7 25. Rbf2 Nc8 26. Nd5 Nd8 27. Bb2 Nc6 28.
fxe5 dxe5 29. Nf6 Rc7 1-0

[Event "3. Campeonato de la Unión Europea"]
[Site "Arvier ITA"]
[Date "2007.06.18"]
[Round "4.21"]
[White "Almond, Richard"]
[Black "Maahs, Erich"]
[Result "1/2-1/2"]
[WhiteElo "2088"]
[BlackElo "2193"]
[PlyCount "133"]
[EventDate "2007.06.15"]
[EventType "swiss"]
[EventRounds "10"]
[EventCountry "ITA"]
[Source "lmi"]
[SourceDate "2007.06.15"]

1. d4 d5 2. c4 dxc4 3. Nf3 Nf6 4. e3 e6 5. Bxc4 c5 6. O-O Nc6 7. Nc3 Be7 8. h3
O-O 9. dxc5 Bxc5 10. e4 Nd4 11. e5 Nxf3+ 12. Qxf3 Nd7 13. Qe4 Re8 14. Bf4 Qb6
15. Rab1 Nf8 16. Na4 Qb4 17. Nxc5 Qxc5 18. Be3 Qc7 19. Rbc1 Bd7 20. Bd4 Bc6 21.
Qe3 Qa5 22. Bc3 Qb6 23. Bd4 Qa5 24. Bc3 Qd8 25. Rfd1 Qe7 26. a3 b5 27. Bb4 Qb7
28. Bf1 Bd5 29. Bd6 Rec8 30. Rc5 Bc4 31. b3 Bxf1 32. Kxf1 Nd7 33. Rxc8+ Rxc8
34. Rc1 Nb6 35. Rc5 Nd5 36. Qc1 Rxc5 37. Qxc5 h6 38. f3 Qa6 39. Kg1 Qb7 40. Qd4
a6 41. Bc5 Qc8 42. b4 Qd8 43. Qd2 Qh4 44. Bd4 Qg3 45. Kh1 Qg6 46. Kh2 Qf5 47.
Kh1 h5 48. h4 Nf4 49. Kh2 Ng6 50. Qg5 Qxg5 51. hxg5 Kh7 52. Kg3 Ne7 53. Kf2 Kg6
54. f4 Kf5 55. Kf3 Nd5 56. g3 Kg6 57. Ke4 Ne7 58. Bc5 Nf5 59. Bf2 Kh7 60. Kf3
Kg6 61. Ke4 f6 62. gxf6 gxf6 63. Be1 Kf7 64. Bf2 Ke7 65. Bc5+ Kf7 66. Bf2 Kg6
67. Be1 1/2-1/2

[Event "3. Campeonato de la Unión Europea"]
[Site "Arvier ITA"]
[Date "2007.06.18"]
[Round "4.22"]
[White "Makka, Ioulia"]
[Black "Fraser-Mitchell, Jeremy N"]
[Result "1-0"]
[WhiteElo "2185"]
[BlackElo "2084"]
[PlyCount "105"]
[EventDate "2007.06.15"]
[EventType "swiss"]
[EventRounds "10"]
[EventCountry "ITA"]
[Source "lmi"]
[SourceDate "2007.06.15"]

1. e4 e6 2. Qe2 c5 3. Nf3 Nc6 4. g3 g6 5. c3 Bg7 6. Bg2 Nge7 7. O-O d6 8. d3
O-O 9. Be3 e5 10. Qd2 f5 11. Bh6 Bd7 12. a4 Na5 13. Bxg7 Kxg7 14. Qc2 Nac6 15.
Na3 h6 16. Rad1 Rc8 17. Nd2 Be6 18. f4 Rc7 19. Rde1 a6 20. Rf2 Rd7 21. Bh3 Qb8
22. Ref1 b5 23. axb5 axb5 24. fxe5 Nxe5 25. d4 cxd4 26. cxd4 Rc7 27. Qb1 Nf7
28. Nf3 b4 29. d5 Bd7 30. Nc2 Bb5 31. Ncd4 Bxf1 32. Ne6+ Kg8 33. Rxf1 Rfc8 34.
Nxc7 Qxc7 35. exf5 Qc5+ 36. Kh1 Qxd5 37. fxg6 Ng5 38. Bxc8 Nxf3 39. Be6+ Qxe6
40. Rxf3 Nxg6 41. Qf5 Qe1+ 42. Rf1 Qe8 43. Qd5+ Kg7 44. Qb7+ Kg8 45. Ra1 Qe2
46. Qg2 Qc4 47. Qf3 b3 48. Ra8+ Kg7 49. Qc3+ Ne5 50. Qxc4 Nxc4 51. Rb8 Nxb2 52.
Rxb3 Nc4 53. Rd3 1-0

[Event "3. Campeonato de la Unión Europea"]
[Site "Arvier ITA"]
[Date "2007.06.18"]
[Round "4.23"]
[White "Cazzaniga, Walter"]
[Black "Agrest, Inna"]
[Result "0-1"]
[WhiteElo "2174"]
[BlackElo "2069"]
[PlyCount "76"]
[EventDate "2007.06.15"]
[EventType "swiss"]
[EventRounds "10"]
[EventCountry "ITA"]
[Source "lmi"]
[SourceDate "2007.06.15"]

1. d4 Nf6 2. c4 g6 3. Nc3 Bg7 4. e4 O-O 5. Nf3 d6 6. Be2 Na6 7. O-O e5 8. Be3
c6 9. d5 c5 10. Nd2 Ne8 11. a3 f5 12. f3 Nf6 13. b4 b6 14. bxc5 Nxc5 15. a4 a5
16. Rb1 f4 17. Bxc5 bxc5 18. Qb3 g5 19. Qb6 Qe7 20. Qc6 Bd7 21. Qb7 h5 22. Rb6
Rfb8 23. Qxb8+ Rxb8 24. Rxb8+ Bf8 25. Nb3 g4 26. Nxa5 h4 27. Kf2 h3 28. gxh3
g3+ 29. hxg3 fxg3+ 30. Kxg3 Nh5+ 31. Kh2 Qh4 32. Rg1+ Kf7 33. Bf1 Qf4+ 34. Kh1
Ng3+ 35. Rxg3 Qxg3 36. Rb3 Qxf3+ 37. Bg2 Qe3 38. Nc6 Bh6 0-1

[Event "3. Campeonato de la Unión Europea"]
[Site "Arvier ITA"]
[Date "2007.06.18"]
[Round "4.24"]
[White "Norinkeviciute, Rasa"]
[Black "Agrest, Roman"]
[Result "1/2-1/2"]
[WhiteElo "2048"]
[BlackElo "2161"]
[PlyCount "62"]
[EventDate "2007.06.15"]
[EventType "swiss"]
[EventRounds "10"]
[EventCountry "ITA"]
[Source "lmi"]
[SourceDate "2007.06.15"]

1. c4 e5 2. g3 d6 3. Bg2 g6 4. Nc3 f5 5. d3 Bg7 6. e4 Nc6 7. Nge2 Nf6 8. O-O
fxe4 9. dxe4 O-O 10. h3 Be6 11. Nd5 Qd7 12. Kh2 Ne7 13. b3 Kh8 14. Bb2 Rae8 15.
Qd3 b6 16. Rad1 Bg8 17. Qc2 Nc6 18. a3 Nd8 19. Ne3 h6 20. f4 Nh5 21. fxe5 Rxf1
22. Rxf1 dxe5 23. Rd1 Qc8 24. Ng4 Nc6 25. Qc1 Kh7 26. Ne3 Be6 27. Nd5 Rf8 28.
Rf1 Rxf1 29. Qxf1 Qd8 30. Qf2 Nf6 31. Qe3 Nd7 1/2-1/2

[Event "3. Campeonato de la Unión Europea"]
[Site "Arvier ITA"]
[Date "2007.06.18"]
[Round "4.25"]
[White "Pepino, Enrico"]
[Black "Tate, Alan"]
[Result "1/2-1/2"]
[WhiteElo "2153"]
[BlackElo "2058"]
[PlyCount "99"]
[EventDate "2007.06.15"]
[EventType "swiss"]
[EventRounds "10"]
[EventCountry "ITA"]
[Source "lmi"]
[SourceDate "2007.06.15"]

1. e4 c5 2. Nf3 d6 3. d4 Nf6 4. Nc3 cxd4 5. Nxd4 a6 6. Be3 e5 7. Nb3 Be7 8. Qd2
Be6 9. f4 exf4 10. Bxf4 Nc6 11. O-O-O Ne5 12. Nd4 Rc8 13. Nf5 Bxf5 14. exf5 b5
15. Nxb5 axb5 16. Bxb5+ Kf8 17. Rhe1 Qc7 18. Kb1 h5 19. a4 h4 20. c3 Rh5 21.
Bg5 Rd8 22. Be2 Rh8 23. h3 Qd7 24. Qf4 Nh5 25. Bxh5 Rxh5 26. f6 Bxf6 27. Bxf6
gxf6 28. Qxf6 Qf5+ 29. Qxf5 Rxf5 30. Rd4 Rh5 31. Ree4 Ng6 32. b4 d5 33. Re2 Ne5
34. a5 Nc6 35. Rf4 d4 36. cxd4 Nxb4 37. Re5 Rxe5 38. dxe5 Rd1+ 39. Kb2 Nd3+ 40.
Kc2 Nxf4 41. Kxd1 Nxg2 42. Ke2 Nf4+ 43. Kf3 Nd3 44. Ke4 Nb4 45. Kf5 Ke7 46. Kg5
Ke6 47. Kxh4 Kxe5 48. Kg5 f5 49. h4 f4 50. h5 1/2-1/2

[Event "3. Campeonato de la Unión Europea"]
[Site "Arvier ITA"]
[Date "2007.06.18"]
[Round "4.26"]
[White "Astengo, Corrado"]
[Black "Brancaleoni, Maurizio"]
[Result "1-0"]
[WhiteElo "2110"]
[BlackElo "2263"]
[PlyCount "69"]
[EventDate "2007.06.15"]
[EventType "swiss"]
[EventRounds "10"]
[EventCountry "ITA"]
[Source "lmi"]
[SourceDate "2007.06.15"]

1. e4 c5 2. Nf3 e6 3. d4 cxd4 4. Nxd4 a6 5. Nc3 Qc7 6. Bd3 Nc6 7. Be3 Nf6 8.
O-O Bd6 9. Nxc6 dxc6 10. f4 e5 11. f5 b5 12. a4 b4 13. Nb1 h5 14. h3 Qe7 15.
Nd2 Bc5 16. Qf3 a5 17. Qf2 Bxe3 18. Qxe3 Qa7 19. Rfe1 Nd7 20. Nc4 Ke7 21. Rad1
g5 22. fxg6 fxg6 23. Kh1 Qxe3 24. Rxe3 Rf8 25. Rg3 Rf6 26. Rg5 Re6 27. Nd2 Bb7
28. Nf3 Ba6 29. b3 c5 30. Bxa6 Raxa6 31. Rd5 Nf6 32. Rdxe5 Nxe4 33. Rxg6 Kf7
34. Rgxe6 Rxe6 35. Rxe4 1-0

[Event "3. Campeonato de la Unión Europea"]
[Site "Arvier ITA"]
[Date "2007.06.18"]
[Round "4.27"]
[White "Pipitone, Antonio"]
[Black "Schaefer, Michael"]
[Result "0-1"]
[WhiteElo "1994"]
[BlackElo "2228"]
[PlyCount "80"]
[EventDate "2007.06.15"]
[EventType "swiss"]
[EventRounds "10"]
[EventCountry "ITA"]
[Source "lmi"]
[SourceDate "2007.06.15"]

1. e4 c5 2. Nf3 e6 3. d4 cxd4 4. Nxd4 Nf6 5. Nc3 d6 6. Be2 Be7 7. Be3 Nc6 8. f4
Bd7 9. Qd2 Nxd4 10. Bxd4 Bc6 11. Bf3 Qc7 12. Rd1 O-O 13. O-O b5 14. a3 a5 15.
Kh1 b4 16. Bxf6 Bxf6 17. axb4 axb4 18. Ne2 Qb7 19. Ng3 Rfd8 20. b3 Rac8 21. Qe3
Qb8 22. Be2 Bb5 23. Nh5 Be7 24. Bd3 g6 25. Ng3 Bxd3 26. Qxd3 Rc3 27. Qe2 Rdc8
28. Rd2 Qc7 29. Qb5 Rb8 30. Qe2 Qc6 31. Rf3 Ra8 32. Rxc3 Qxc3 33. Nf1 Ra1 34.
Rd1 Ra2 35. Rd2 Bf6 36. h3 e5 37. Rxd6 exf4 38. Rd2 Bd4 39. Qd3 Ra1 40. Qxd4
Rxf1+ 0-1